000 00540nam a2200217Ia 4500
003 OSt
005 20220928144949.0
006 a|||||r|||| 00| 0
007 ta
008 220927b |||||||| |||| 00| 0 eng d
024 _a77477
037 _cTextual
040 _aSDCL
_cSDCL
_beng
041 _2eng
_aeng
082 _aX:513, L6
100 _aDelozier M Wayme
_9510664
245 0 _aMarketing communications process.
260 _c1976
942 _hX:513, L6
_cTEXL
_2CC
999 _c830807
_d830807